[Event "ROM-ch U12 Girls"]
[Site "Calimanesti Caciulata"]
[Date "2019.04.16"]
[Round "?.10"]
[White "Toculet, Erika Andreea"]
[Black "Mocanu, Miruna"]
[Result "0-1"]
[WhiteElo "1061"]
[BlackElo "1147"]
[PlyCount "86"]
[EventDate "2019.04.15"]
[EventType "swiss"]
[EventRounds "9"]
[EventCountry "ROU"]
[SourceTitle "EXT 2024"]
[Source "ChessBase"]
[SourceDate "2023.10.10"]
[SourceVersion "1"]
[SourceVersionDate "2023.10.10"]
[SourceQuality "1"]

1. e4 e5 2. Nf3 Nc6 3. Bc4 Bc5 4. d3 h6 5. Nc3 Nf6 6. 0-0 0-0 7. Qe2 a6 8. Be3 Be7 9. Rad1 d6 10. h3 Na5 11. Nd2 Nxc4 12. Nxc4 Bd7 13. d4 exd4 14. Bxd4 b5 15. Ne3 b4 16. Ncd5 Nxd5 17. Nxd5 c5 18. Be3 Bg5 19. Rfe1 Bxe3 20. Qxe3 Bc6 21. c4 bxc3 22. Qxc3 Bxd5 23. exd5 Qd7 24. Re3 g6 25. Qf6 Rfe8 26. Rde1 Rxe3 27. Rxe3 Rf8 28. Qh4 Kg7 29. Re7 Qf5 30. Qc4 Qc8 31. Ra7 Qb8 32. Rxa6 Qxb2 33. Rxd6 Qa1+ 34. Kh2 Qe5+ 35. g3 Qxd6 36. a4 Ra8 37. Qc3+ Kg8 38. Qc4 Rd8 39. a5 Qxd5 40. Qb5 c4 41. Qb6 c3 42. Qc7 Qd2 43. Qxc3 Qxc3 0-1

[Event "ROM-ch U10 Girls"]
[Site "Calimanesti"]
[Date "2018.03.30"]
[Round "5"]
[White "Mocanu, Miruna"]
[Black "Neagoe, Ana Paisia"]
[Result "1/2-1/2"]
[WhiteElo "1121"]
[BlackElo "1098"]
[PlyCount "39"]
[EventDate "2018.03.27"]
[EventType "swiss"]
[EventRounds "9"]
[EventCountry "ROU"]
[SourceTitle "CBM 183 Extra"]
[Source "ChessBase"]
[SourceDate "2018.04.19"]
[SourceVersion "1"]
[SourceVersionDate "2018.04.19"]
[SourceQuality "1"]

1. c4 e5 2. Nc3 Nc6 3. g3 Nf6 4. Bg2 Bc5 5. e3 d6 6. Nge2 Bb6 7. 0-0 0-0 8. d4 exd4 9. Nxd4 Bxd4 10. exd4 h6 11. a3 Bd7 12. Bf4 Qc8 13. Re1 Bh3 14. Bf3 Qf5 15. Ne4 Rfe8 16. Nxf6+ Qxf6 17. Bxc6 bxc6 18. Rxe8+ Rxe8 19. b4 Re4 20. Be3 1/2-1/2